000 00482nam a2200169Ia 4500
008 090201s9999 xx 000 0 und d
010 _aKPL-48193
040 _bमराठी
041 _aमराठी
082 _a35108
_b48193
100 _aअनंत तिबीले
245 _aबाधा
_cअनंत तिबीले
260 _c2004
_bअमोल प्रकाशन
300 _a225
_bमोठा
600 _aबाधा
942 _cBOOK
999 _c233276
_d233276